00406nam a22001337a 450000500170000000800410001704100130005808200130007110000130008424500340009726000860013130000290021765000260024620240515083411.0240515b |||||||| |||| 00| 0 eng d aEnglish  a349 LAW  lEnglish  aThe Law Reports: Appeal Cases aLondon: bThe Incorporated Council of Law Reporting for England and Wales, c1900 bxx, 655 pages; c25 cm.  aLegal practice bLaw